Detalles MARC
| 000 -LIDER |
| fixed length control field |
01208nam a2200301 a 4500 |
| 001 - NÚMERO DE CONTROL |
| Identificador de número de control |
000007851 |
| 003 - IDENTIFICACDOR DE NÚMERO DE CONTROL |
| control field |
DO-SdBNP |
| 005 - DATE AND TIME OF LATEST TRANSACTION |
| control field |
20230725133152.0 |
| 008 - ELEMENTOS DE LONGITUD FIJA |
| fixed length control field |
090911s1977 dr 001 0 spa d |
| 040 ## - FUENTE DE CATALOGACIÓN |
| Agencia que crea de manera original el registro |
DO-SdBNP |
| Idioma de catalogación |
spa |
| Agencia que realiza la transcripción |
BPMSU |
| 049 ## - LOCAL HOLDINGS (OCLC) |
| Holding library |
BNPD |
| 082 ## - NÚMERO DE CLASIFICACIÓN DECIMAL DE DEWEY |
| Classification number |
658.4 |
| Item number |
D542a 1977 |
| Edition number |
22 |
| 100 1# - ASIENTO PRINCIPAL -- NOMBRE PERSONAL |
| Nombre personal |
Díaz Sentel, Milcíades |
| 245 13 - MENCIÓN DE TITULO |
| Título |
La administración de empresas como profesión en República Dominicana / |
| Mención de responsabilidad |
Micíades Díaz Santil, Plácido Piña Ortega ; presentación; Francisco A. de Moya Espinal. |
| 260 ## - PUBLICACIÓN, DISTRIBUCIÓN, ETC. (PIE DE IMPRENTA) |
| Lugar de publicación, distribución, etc |
Santo Domingo : |
| Nombre del editor, distribuidor, etc. |
UASD, |
| Fecha de publicación, distribución, etc |
1977 |
| Impresor |
|
| 300 ## - DESCRIPCIÓN FÍSICA |
| Extensión |
287 p. ; |
| Dimensiones |
23 cm. |
| 490 0# - MENCIÓN DE SERIES |
| Mención de serie |
Publicaciones de la Universidad Autónoma de Santo Domingo ; |
| -- |
Ciencia y tecnología, |
| Volume/sequential designation |
6/236 |
| 500 ## - NOTA GENERAL |
| Nota general |
Incluye datos biográficos del los autores en la contracubierta |
| 500 ## - NOTA GENERAL |
| Nota general |
Incluye referencias bibliográficas y notas al pie de las páginas |
| 504 ## - NOTA DE BIBLIOGRAFÍA, ETC. |
| Bibliography, etc |
Incluye bibliografía (p. 277 -279) |
| 590 ## - NOTA LOCAL |
| Enlace |
Inventariado, 2023/VM |
| 650 #4 - ENCABEZAMIENTO DE MATERIA--TEMÁTICO |
| Término temático o nombre geográfico como elemento de entrada |
Administración de empresas |
| 650 #4 - ENCABEZAMIENTO DE MATERIA--TEMÁTICO |
| Término temático o nombre geográfico como elemento de entrada |
Administración |
| Subdivisión temática general |
Práctica profesional |
| 700 1# - ASIENTO SECUNDARIO -- NOMBRE PERSONAL |
| Nombre personal |
Piña Ortega, Plácido |
| 700 1# - ASIENTO SECUNDARIO -- NOMBRE PERSONAL |
| Nombre personal |
Moya Espinal, Francisco A. de |
| 910 ## - VALIDACIÓN |
| Validación |
VMateo V. Control de calidad. BPMSU |
| 942 ## - ADDED ENTRY ELEMENTS (KOHA) |
| Source of classification or shelving scheme |
Dewey Decimal Classification |
| Koha item type |
Libros |